<?xml version="1.0" encoding="UTF-8"?>
<collection xmlns="http://www.loc.gov/MARC21/slim">
 <record>
  <leader>01757nam a2200301 a 4500</leader>
  <controlfield tag="001">255804</controlfield>
  <controlfield tag="008">090531s1999    bg ab    b    001 0 eng d</controlfield>
  <datafield tag="010" ind1=" " ind2=" ">
   <subfield code="a">   99934888 </subfield>
  </datafield>
  <datafield tag="020" ind1=" " ind2=" ">
   <subfield code="a">9840514563</subfield>
  </datafield>
  <datafield tag="040" ind1=" " ind2=" ">
   <subfield code="a">DLC</subfield>
   <subfield code="c">DLC</subfield>
   <subfield code="d">DLC</subfield>
  </datafield>
  <datafield tag="082" ind1="0" ind2="0">
   <subfield code="a">363.34/938/095492</subfield>
   <subfield code="2">21</subfield>
  </datafield>
  <datafield tag="100" ind1="1" ind2=" ">
   <subfield code="a">Mamun, Muhammad Z.</subfield>
  </datafield>
  <datafield tag="245" ind1="1" ind2="0">
   <subfield code="a">Densification :</subfield>
   <subfield code="b">a strategic plan to mitigate riverbank erosion disaster in Bangladesh /</subfield>
   <subfield code="c">Muhammad Z. Mamun, A.T.M. Nurul Amin.</subfield>
  </datafield>
  <datafield tag="260" ind1=" " ind2=" ">
   <subfield code="a">Dhaka :</subfield>
   <subfield code="b">University Press,</subfield>
   <subfield code="c">1999.</subfield>
  </datafield>
  <datafield tag="300" ind1=" " ind2=" ">
   <subfield code="a">xxiii, 182 p. :</subfield>
   <subfield code="b">ill., maps ;</subfield>
   <subfield code="c">22 cm.</subfield>
  </datafield>
  <datafield tag="504" ind1=" " ind2=" ">
   <subfield code="a">Includes bibliographical references (p. [169]-177) and index.</subfield>
  </datafield>
  <datafield tag="541" ind1="1" ind2=" ">
   <subfield code="e">00014738</subfield>
  </datafield>
  <datafield tag="650" ind1=" " ind2="0">
   <subfield code="a">Soil conservation</subfield>
   <subfield code="z">Bangladesh.</subfield>
  </datafield>
  <datafield tag="650" ind1=" " ind2="0">
   <subfield code="a">Shore protection</subfield>
   <subfield code="z">Bangladesh.</subfield>
  </datafield>
  <datafield tag="650" ind1=" " ind2="0">
   <subfield code="a">Regional planning</subfield>
   <subfield code="z">Bangladesh.</subfield>
  </datafield>
  <datafield tag="700" ind1="1" ind2=" ">
   <subfield code="a">Amin, A. T. M. Nurul.</subfield>
  </datafield>
  <datafield tag="852" ind1="4" ind2=" ">
   <subfield code="a">Ayesha Abed Library</subfield>
   <subfield code="j">General Shelf.</subfield>
  </datafield>
  <datafield tag="999" ind1=" " ind2=" ">
   <subfield code="c">1043</subfield>
   <subfield code="d">1043</subfield>
  </datafield>
  <datafield tag="952" ind1=" " ind2=" ">
   <subfield code="0">0</subfield>
   <subfield code="1">0</subfield>
   <subfield code="2">ddc</subfield>
   <subfield code="4">0</subfield>
   <subfield code="6">363_349380000000000_MAM_1999</subfield>
   <subfield code="7">0</subfield>
   <subfield code="9">950</subfield>
   <subfield code="a">BRACUL</subfield>
   <subfield code="b">BRACUL</subfield>
   <subfield code="c">GEN</subfield>
   <subfield code="d">2009-06-24</subfield>
   <subfield code="g">400.00</subfield>
   <subfield code="l">0</subfield>
   <subfield code="o">363.34938 MAM</subfield>
   <subfield code="p">3010014738</subfield>
   <subfield code="r">2009-06-24</subfield>
   <subfield code="t">1</subfield>
   <subfield code="v">800.00</subfield>
   <subfield code="w">2009-06-24</subfield>
   <subfield code="y">BK</subfield>
  </datafield>
  <datafield tag="952" ind1=" " ind2=" ">
   <subfield code="0">0</subfield>
   <subfield code="1">0</subfield>
   <subfield code="2">ddc</subfield>
   <subfield code="4">0</subfield>
   <subfield code="6">363_349380000000000_MAM_1999</subfield>
   <subfield code="7">0</subfield>
   <subfield code="9">5048</subfield>
   <subfield code="a">BRACUL</subfield>
   <subfield code="b">BRACUL</subfield>
   <subfield code="c">GEN</subfield>
   <subfield code="d">2009-11-08</subfield>
   <subfield code="l">0</subfield>
   <subfield code="o">363.34938 MAM</subfield>
   <subfield code="p">3010016459</subfield>
   <subfield code="r">2009-11-08</subfield>
   <subfield code="t">2</subfield>
   <subfield code="v">584.00</subfield>
   <subfield code="w">2009-11-08</subfield>
   <subfield code="y">BK</subfield>
  </datafield>
  <datafield tag="952" ind1=" " ind2=" ">
   <subfield code="0">0</subfield>
   <subfield code="1">0</subfield>
   <subfield code="2">ddc</subfield>
   <subfield code="4">0</subfield>
   <subfield code="6">363_349380000000000_MAM_1999</subfield>
   <subfield code="7">0</subfield>
   <subfield code="9">16441</subfield>
   <subfield code="a">BRACUL</subfield>
   <subfield code="b">BRACUL</subfield>
   <subfield code="c">GEN</subfield>
   <subfield code="d">2011-05-15</subfield>
   <subfield code="l">0</subfield>
   <subfield code="o">363.34938 MAM</subfield>
   <subfield code="p">3010008347</subfield>
   <subfield code="r">2011-05-15</subfield>
   <subfield code="t">3</subfield>
   <subfield code="w">2011-05-15</subfield>
   <subfield code="y">BK</subfield>
  </datafield>
  <datafield tag="952" ind1=" " ind2=" ">
   <subfield code="0">0</subfield>
   <subfield code="1">0</subfield>
   <subfield code="2">ddc</subfield>
   <subfield code="4">0</subfield>
   <subfield code="6">363_349380000000000_MAM</subfield>
   <subfield code="7">0</subfield>
   <subfield code="9">20864</subfield>
   <subfield code="a">IGS</subfield>
   <subfield code="b">IGS</subfield>
   <subfield code="c">GEN</subfield>
   <subfield code="d">2012-07-31</subfield>
   <subfield code="e">The University Press Limited</subfield>
   <subfield code="g">400.00</subfield>
   <subfield code="l">1</subfield>
   <subfield code="m">2</subfield>
   <subfield code="o">363.34938 MAM</subfield>
   <subfield code="p">3010025711</subfield>
   <subfield code="r">2014-06-10</subfield>
   <subfield code="s">2013-02-18</subfield>
   <subfield code="t">1</subfield>
   <subfield code="w">2012-07-31</subfield>
   <subfield code="y">BK</subfield>
  </datafield>
  <datafield tag="952" ind1=" " ind2=" ">
   <subfield code="0">0</subfield>
   <subfield code="1">0</subfield>
   <subfield code="2">ddc</subfield>
   <subfield code="4">0</subfield>
   <subfield code="6">363_340000000000000_938_095492_MAM</subfield>
   <subfield code="7">0</subfield>
   <subfield code="9">54624</subfield>
   <subfield code="a">SCL</subfield>
   <subfield code="b">SCL</subfield>
   <subfield code="c">GEN</subfield>
   <subfield code="d">2015-06-30</subfield>
   <subfield code="g">400.00</subfield>
   <subfield code="l">0</subfield>
   <subfield code="o">363.34938095492 MAM</subfield>
   <subfield code="p">3020005349</subfield>
   <subfield code="r">2015-06-30</subfield>
   <subfield code="t">5</subfield>
   <subfield code="w">2015-06-30</subfield>
   <subfield code="y">BK</subfield>
  </datafield>
 </record>
</collection>
